000 00641nam a2200229Ia 4500
003 OSt
005 20220918201936.0
006 a|||||r|||| 00| 0
007 ta
008 220917b |||||||| |||| 00| 0 eng d
024 _a97,618
037 _cTextual
040 _aARTS
_cARTS
_beng
041 _2eng
_aeng
082 _aV2:24N51, N0
100 _aGraham B D
_9101425
245 0 _aHindu nationalism & Indian politics
_b the orgins and development the Bharatiya Jana Sangh
260 _aCambridge
_bCUP
_c1990
650 _aHISTORY
942 _hV2:24N51, N0
_cTEXL
_2CC
999 _c221213
_d221213